| 000 | 00838cam a22002775a 4500 | ||
|---|---|---|---|
| 001 | 18699041 | ||
| 005 | 20160424154634.0 | ||
| 008 | 150714t2015 paua frbd 001 0 eng d | ||
| 020 | _a9781451147148 (pbk) | ||
| 020 | _a1451147147 | ||
| 040 |
_aDLC _beng _cDLC _dEG-ScBUE |
||
| 082 | 0 | 4 |
_a616.890231 _222 _bWOM |
| 100 | 1 |
_aWomble, Donna M. _939895 |
|
| 245 | 1 | 0 |
_aIntroductory mental health nursing / _cDonna M. Womble. |
| 250 | _a3rd ed. | ||
| 260 |
_aPhiladelphia : _bWolters Kluwwer, _cc.2015. |
||
| 300 |
_axiii, 374 p. : _bill. ; _c26 cm. |
||
| 490 | 0 | _aLippincott's practical nursing. | |
| 500 | _aGlossary : p. 358-365. | ||
| 500 | _aIndex : p. 367-374. | ||
| 504 | _aIncludes bibliographical references. | ||
| 650 | 7 |
_aPsychiatric nursing. _2BUEsh _936309 |
|
| 651 | _2BUEsh | ||
| 653 |
_bNNUR _cApril2016 |
||
| 942 | _2ddc | ||
| 999 |
_c21678 _d21650 |
||